পদার্থবিদ্যা / (Record no. 53596)
[ view plain ]
| 000 -LEADER | |
|---|---|
| fixed length control field | 01332nam a2200265 a 4500 |
| 001 - CONTROL NUMBER | |
| control field | 53596 |
| 003 - CONTROL NUMBER IDENTIFIER | |
| rucl marc code | BD-RjUL |
| 005 - DATE AND TIME OF LATEST TRANSACTION | |
| control field | 20211209080005.0 |
| 008 - FIXED-LENGTH DATA ELEMENTS--GENERAL INFORMATION | |
| fixed length control field | 161018s1984 bg ||||| |||| 00| 0 ben d |
| 020 ## - INTERNATIONAL STANDARD BOOK NUMBER | |
| Terms of availability | : TK 50.00 |
| 035 ## - SYSTEM CONTROL NUMBER | |
| System control number | (BD-RjUL)53718 |
| 040 ## - CATALOGING SOURCE | |
| Original cataloging agency | BD-RjUL |
| Language of cataloging | ben |
| Transcribing agency | BD-RjUL |
| 041 ## - LANGUAGE CODE | |
| Language code of text/sound track or separate title | ben |
| 082 ## - DEWEY DECIMAL CLASSIFICATION NUMBER | |
| Edition number | 23 |
| Classification number | 530 |
| Author mark and year | MAP 1984-1985 |
| 100 ## - MAIN ENTRY--PERSONAL NAME | |
| Personal name | মাসুদ, আ.র.ম. |
| 9 (RLIN) | 160172 |
| 245 10 - TITLE STATEMENT | |
| Title | পদার্থবিদ্যা / |
| Statement of responsibility, etc. | আ. র. ম. মাসুদ, মুস্তফা হামিদ হোসেন, মুহম্মদ গোলাম হোসেন |
| 260 ## - PUBLICATION, DISTRIBUTION, ETC. (IMPRINT) | |
| Place of publication, distribution, etc. | ঢাকা : |
| Name of publisher, distributor, etc. | বাংলা একাডেমী, |
| Date of publication, distribution, etc. | ১৯৮৩-১৯৮৫ |
| 300 ## - PHYSICAL DESCRIPTION | |
| Pagination | খণ্ড. : |
| Illustrations | চিত্র ; |
| Size | ২৩ সেমি. |
| 505 0# - FORMATTED CONTENTS NOTE | |
| Formatted contents note | খণ্ড ১ [বলবিদ্যা, তরঙ্গ ও তাপবিদ্যা] ..খণ্ড ২ [তড়িৎ বিদ্যা] -- খণ্ড ৩, [আলোকবিজ্ঞান ও আধুনিক পদার্থবিজ্ঞান]. |
| 650 ## - SUBJECT ADDED ENTRY--TOPICAL TERM | |
| Topical term or geographic name as entry element | পদার্থবিজ্ঞান |
| 9 (RLIN) | 160173 |
| Topical term or geographic name as entry element | Physics |
| 9 (RLIN) | 160174 |
| 700 ## - ADDED ENTRY--PERSONAL NAME | |
| Personal name | হোসেন, মুস্তফা হামিদ |
| Personal name | হোসেন, মুহম্মদ গোলাম |
| 942 ## - ADDED ENTRY ELEMENTS (KOHA) | |
| Source of classification or shelving scheme | Dewey Decimal Classification |
| Koha item type | Books |
| Lost status | Source of classification or shelving scheme | Damaged status | Not for loan | Collection code | Permanent Location | Current Location | Shelving location | Date acquired | Source of acquisition | Total Checkouts | Full call number | Date last seen | Copy number | Koha item type | Cost, normal purchase price |
|---|---|---|---|---|---|---|---|---|---|---|---|---|---|---|---|
| Dewey Decimal Classification | Non-fiction | Central Library, University of Rajshahi | Central Library, University of Rajshahi | 27/09/1992 | Bangla Academy, Dhaka | B 530 MAP V-2 1984 | 18/10/2016 | C-2 | Books | ||||||
| Dewey Decimal Classification | Non-fiction | Central Library, University of Rajshahi | Central Library, University of Rajshahi | 25/10/1987 | Bangla Academy, Dhaka | B 530 MAP V-3 1985 | 27/10/2016 | C-2 | Books | 75.00 | |||||
| Dewey Decimal Classification | Non-fiction | Central Library, University of Rajshahi | Central Library, University of Rajshahi | 25/10/1987 | Bangla Academy, Dhaka. | B 530 MAP V-2 1984 | 07/11/2016 | C-3 | Books | 50.00 | |||||
| Dewey Decimal Classification | Not For Loan | Non-fiction | Central Library, University of Rajshahi | Central Library, University of Rajshahi | Reading Room | 25/10/1987 | Bangla Academy | B 530 MAP V-3 1985 | 24/04/2017 | C-1 | Books | 77.00 | |||
| Dewey Decimal Classification | Not For Loan | Non-fiction | Central Library, University of Rajshahi | Central Library, University of Rajshahi | Reading Room | 27/09/1992 | Bangla Academy, Dhaka | B 530 MAP V-1 1983 | 27/04/2017 | C-1 | Books | ||||
| Dewey Decimal Classification | Not For Loan | Non-fiction | Central Library, University of Rajshahi | Central Library, University of Rajshahi | Reading Room | 15/10/1987 | Dhaka, Bangla Academy | B 530 MAP V-2 1984 | 03/05/2017 | C-1 | Books | 50.00 |